000 00635nam a22001817a 4500
999 _c1008
_d1008
005 20251125232734.0
008 s2531 th tha d
040 _aNALT
041 _atha
050 _aDS570.5 น48
245 1 0 _aนวมหาราช
260 3 _aกรุงเทพฯ :
_bป.สัมพันธ์พาณิชย์,
_c2531
300 _a344 หน้า :
_b ภาพประกอบ, แผนที่
650 0 4 _aไทย -- กษัตริย์และผู้ครองนคร
850 _aNALT
856 4 0 _uhttps://hdl.handle.net/20.500.14156/361305
_71
942 _cGB
_2lcc